Gaming Quiz

Random Gaming or Card Games Quiz
Score 0/22 Timer 06:00
0 Plays Today
% Correct
The Wizard of Oz
98.4%
Shrek
96.3%
Super Mario
96.2%
Family Guy
95.9%
The Simpsons
95.8%
Harry Potter
95.7%
Finding Dory
95.6%
Pokémon
95.3%
Frozen
95.2%
SpongeBob SquarePants
95.1%
South Park
95%
% Correct
Star Trek
94.1%
Barbie
93.9%
Thomas & Friends
93.5%
Hello Kitty
92.9%
The Muppet Show
92.8%
The Incredible Hulk
92.6%
Spider-Man
92.2%
Ghostbusters
90.8%
Care Bears
90%
Doctor Who
86.2%
Glee
74.9%

You're not logged in!

Compare scores with friends on all Sporcle quizzes.
OR
Log In

Sporcle TV

Today on Sporcle TV


Watch our educational content, quiz creation guides, and fun videos on Sporcle TV.

Show Comments

Extras

Top Quizzes Today


Score Distribution

Your Account Isn't Verified!

In order to create a playlist on Sporcle, you need to verify the email address you used during registration. Go to your Sporcle Settings to finish the process.

Report this User

Report this user for behavior that violates our Community Guidelines.

Details: